000 nam a22 7a 4500
999 _c7190
_d7190
008 170727b xxu||||| |||| 00| 0 eng d
100 _93766
_aAnderson.T.
245 _aFinding Hope Again
260 _aOklahoma
_bA Division of Gospel Light
_c1999